[Event "Montreal 4th"]
[Site "Montreal"]
[Date "2003.07.27"]
[Round "5"]
[White "Legky, Nikolay A"]
[Black "Onischuk, Alexander"]
[Result "0-1"]
[WhiteElo "2482"]
[BlackElo "2657"]
[Annotator "Stohl,I"]
[PlyCount "110"]
[EventDate "2003.07.23"]
[EventType "tourn"]
[EventRounds "11"]
[EventCountry "CAN"]
[EventCategory "11"]
[SourceTitle "CBM 097"]
[Source "ChessBase"]
[SourceDate "2003.11.11"]
[SourceVersion "1"]
[SourceVersionDate "2003.11.11"]
[SourceQuality "1"]

1. d4 Nf6 2. Nf3 g6 3. g3 Bg7 4. Bg2 O-O 5. O-O d6 6. c4 Nbd7 7. Nc3 e5 8. Qc2
Re8 9. Rd1 c6 10. e3 $6 {A very passive continuation, with this and his next
move White indicates he has no higher ambitions in the game.} ({Once he didn't
want to play the most popular and principled main move} 10. e4 {(which gives
the best chances to get an edge out of the opening), he had the riskless}) (10.
dxe5 dxe5 (10... Nxe5 $2 11. Nxe5 Rxe5 12. Bf4 Re6 13. c5 d5 14. e4 $16) 11.
Ng5 Qe7 12. Nge4 Nc5 $5 13. Nd6 (13. Bg5 Bf5 14. h3 $11) 13... Rd8 14. Nxc8 $11
) 10... a6 {Also not quite ideal, as Black is hardly trying to play b5 with
the /^h1-a8 still open. The main idea behind the move is to cover b5, thus
preparing e4 and d5, but White can return to the plan with the central
exchange.} (10... e4 $142 $5 {/\} 11. Nd2 d5 12. cxd5 (12. b4 a6 13. a4 Nf8 14.
Ba3 Ne6 15. b5 Ng5 16. bxc6 bxc6 17. Rdb1 Nh3+ 18. Bxh3 Bxh3 $40 {Witt,
L-Spraggett,K/Montreal/1980/}) 12... cxd5 13. Nb5 Re6 $1 $15 {[%csl Gd5,Ge4] ()
[+]}) (10... Qe7 11. b3 Nf8 (11... e4 12. Nd2 d5 13. cxd5 cxd5 14. Nb5 {
[%cal Rb5c7,Rc1a3] /\Nc7,Ba3}) 12. dxe5 dxe5 13. a4 Bf5 14. e4 Bg4 15. Ba3 Qe6
16. Rd6 Qc8 17. c5 Bxf3 18. Bxf3 Ne6 19. Ne2 Ng5 20. Bg2 Qg4 21. Nc3 Nf3+ 22.
Bxf3 Qxf3 23. Qd3 Qg4 24. f3 Qh3 25. Qf1 Qc8 26. Rad1 h5 {Szabados,E-Pirc,V/
Amsterdam/1950/} 27. Qc4 $1 $36) (10... Qc7 11. b3 {/\} e4 12. Ne1 $1 d5 13.
cxd5 cxd5 14. Nb5 $16) 11. dxe5 (11. b3 e4 12. Nd2 (12. Ne1 d5 13. a4 a5 14. h3
Nb8 15. Kh2 Be6 16. Rb1 Bf8 17. c5 Na6 18. Na2 b6 19. cxb6 Qxb6 20. Bd2 Rec8
21. Bc3 Rab8 22. Qd2 Nb4 23. Nxb4 axb4 24. Bb2 Bd6 $36 {(),->>>,Antemia,
P-Baeurle,S/BAY-chT/1997/}) 12... d5 13. Bb2 Nf8 14. Rac1 Ne6 15. f3 exf3 16.
Nxf3 Ng4 17. Re1 Bh6 18. Nd1 Ng7 19. Qd2 Nf5 20. Rc3 Qe7 21. Bc1 Nd6 $17 {
Breier,A-Mai,P/Berlin/1993/}) 11... dxe5 12. Ng5 (12. b3 Qa5 (12... Qe7 $5 $11)
13. Bb2 Nf8 $6 (13... e4 $13 {/\} 14. Nd2 Nc5 15. Ncxe4 Nfxe4 16. Bxg7 Nxf2 $1
17. Bc3 Qb6 18. Bd4 $5 $44) 14. h3 Bf5 15. e4 Bd7 16. Na4 $36 b5 $6 17. Nc5 Qb6
18. cxb5 cxb5 19. Nxe5 Rac8 20. b4 $18 {Egger,T-Herb,S/LL9697/1997/}) 12... Qe7
13. Nge4 Nxe4 (13... Nc5 $6 14. Nxf6+ Bxf6 15. b4 Ne6 16. Ne4 $36 {In this
line White's 10-th move is useful-the d4-square is covered.}) 14. Nxe4 Nc5 15.
b3 $2 (15. Nxc5 Qxc5 16. e4 $5 (16. b3 Bg4 17. Rd2 e4 18. Bb2 Bxb2 19. Qxb2 Qf5
20. Qd4 $11 {[%cal Gd2d8] <->d}) 16... Bg4 17. Rd3 Rad8 18. Be3 $11) 15... Nxe4
16. Bxe4 (16. Qxe4 $4 Bf5 17. Qh4 Bf6 $19) 16... Bg4 $1 17. Rd2 (17. f3 $2 Bxf3
18. Bxf3 e4 19. Rb1 exf3 20. Rf1 Rad8 $17) 17... Rad8 $36 {[%cal Gd8d1] <->d}
18. Bb2 Rxd2 19. Qxd2 Rd8 20. Qe1 Qf6 (20... Qd7 21. Bc3 $1 h5 22. Ba5 {
[%cal Yf2f3,Ya1d1] /\f3,Rd1=}) (20... Qd6 $15 {/\} 21. f3 f5 $5 22. Bxc6 bxc6
23. fxg4 fxg4 $36) 21. Rc1 $5 (21. f4 $6 Qe7 22. Qc3 f5 23. Bg2 e4 $17 {
[%csl Re3] ><e3,<->d}) ({Seemingly the text is a loss of time, but the
following line shows the point:} 21. Kg2 Qd6 {/\} 22. h3 (22. Bc3 f5 23. Bc2)
22... f5 23. Bc2 $2 Qd2 24. Qxd2 Rxd2 25. Rc1 Bf3+ $1 {[%cal Re5e4] /\e4()-+})
21... h5 22. Kg2 h4 23. h3 Bf5 {Black naturally wants to retain his control of
the open file, but now careful defence brings White very close to full
equality.} (23... Be6 24. Rd1 Rxd1 25. Qxd1 hxg3 26. fxg3 Qg5 $15) 24. Bxf5
Qxf5 25. e4 (25. Rd1 Qe4+ 26. Kh2 hxg3+ 27. Kxg3 Bf6 $36) (25. g4 Qd3 26. Bc3
Rd7 $15 (26... f5 $5)) 25... Qg5 26. Rc2 $1 (26. Rd1 $143 $2 Rxd1 27. Qxd1 hxg3
28. fxg3 Qe3 29. Qc2 (29. Qd8+ $2 Bf8 $1 30. Ba3 c5 $17) 29... f6 $15 {[%cal
Yg8e6,Yg7f8,Yf8c5] /-/+,/\Bf8-c5,Kf7-e6,}) 26... hxg3 27. fxg3 Rd3 28. Bc1 Qd8
(28... Qh5 29. Qe2 Qxe2+ (29... Rc3 30. Bb2 Rxc2 31. Qxc2 f5 32. c5 $11) 30.
Rxe2 $11) 29. Be3 (29. Rd2 Qd4 $36) 29... Bf8 30. Qe2 (30. Rd2 Bb4 $1 31. Rxd3
Qxd3 32. Qxb4 Qxe3 33. Qxb7 Qxe4+ 34. Kf2 Qc2+ $36) 30... Bb4 $8 (30... Qd7 31.
Rd2 $11) 31. h4 (31. c5 $5 f5 32. exf5 Qd5+ 33. Kf2 gxf5 34. Qh5 $132) 31...
Kg7 (31... Rd1 32. Rc1 Rxc1 33. Bxc1 Qd4 34. Bb2 Bc3 35. Bxc3 Qxc3 36. h5 $11)
32. Rc1 $2 {[%mdl 8192] White overlooks a tactical trick in an already nearly
fully consolidated position.} (32. h5 $5 {/\} gxh5 33. Bb6 $1 Qd7 34. Qxh5 $132
) 32... Bc5 $1 $19 {Traps the Be3!} (32... Bd2 $4 33. Rd1 $16) 33. Bxc5 $8 (33.
Bg5 f6 34. Qb2 Qd4 $1 $19) 33... Rd2 34. Rc2 (34. Kf2 Qa5 $1 {/\Qa2-+}) 34...
Rxe2+ 35. Rxe2 Qd1 36. Kf2 (36. Rf2 $2 Qd3 $19) 36... Qh1 37. Bb4 Kh6 $22 {
Now White has no useful moves, while Black marches with his K to g4 and then
proceeds to advance his central pawns.} 38. Be7 Kh5 39. Bf6 Qa1 40. Kg2 Kg4 41.
Kf2 Qc3 42. Re3 Qd2+ 43. Re2 Qd6 44. Bg5 f6 45. Rd2 Qa3 46. Be3 (46. Bxf6 $4
Qf8 $19) 46... Qc1 {[%cal Rc1h1] /\Qh1} 47. Rd6 Qc2+ 48. Bd2 (48. Rd2 Qxe4 $19)
48... Qd1 {[%cal Rd1f3] /\Qf3 Black still doesn't turn his attention to
material and inexorably strengthens his position.} (48... Qxa2 49. b4 Qxc4 50.
Rxf6 Qd4+ $19) 49. Rd3 f5 $1 50. exf5 gxf5 (50... e4 51. Rd8 Qf3+ 52. Ke1 Qxg3+
$19) 51. h5 e4 52. Rd8 Qf3+ 53. Ke1 e3 54. h6 exd2+ 55. Kxd2 (55. Rxd2 Qe3+)
55... Qg2+ (55... Qg2+ 56. Kc3 Qxg3+ 57. Rd3 Qe5+ 58. Kb4 a5+ 59. Ka3 Qe7+ 60.
Kb2 Qf6+ $19) 0-1

[Event "Sanjin Hotel Cup 2nd"]
[Site "Tiayuan"]
[Date "2005.07.12"]
[Round "4"]
[White "Petrosian, Tigran L"]
[Black "McShane, Luke J"]
[Result "1-0"]
[WhiteElo "2581"]
[BlackElo "2625"]
[Annotator "Stohl,I"]
[PlyCount "117"]
[EventDate "2005.07.09"]
[EventType "tourn"]
[EventRounds "11"]
[EventCountry "CHN"]
[EventCategory "15"]
[SourceTitle "CBM 108"]
[Source "ChessBase"]
[SourceDate "2005.09.26"]
[SourceVersion "1"]
[SourceVersionDate "2005.09.26"]
[SourceQuality "1"]

1. Nf3 Nf6 2. g3 g6 3. Bg2 Bg7 4. O-O O-O 5. d4 d6 6. c4 Nbd7 7. Nc3 e5 8. h3 (
{Another way for White to release the [+] tension is} 8. e3 Re8 9. b3 (9. a4
$142 $5 $13) 9... Nf8 10. dxe5 {but even here Black has no problems after} dxe5
11. Ba3 Bg4 12. h3 Bxf3 13. Bxf3 c6 14. Qxd8 Raxd8 15. Rad1 Ne6 16. Kg2 a5 17.
g4 Bf8 18. Bb2 Nc5 19. g5 Nfd7 20. Ne4 Nxe4 21. Bxe4 h6 $132 {Bauer,
C-Volokitin,A/Biel/2005/}) 8... c6 9. dxe5 {The main move is clearly} (9. e4 {
-E69}) ({The text is not too enterprising, if Black doesn't quickly take on d4,
it has some similarity with} 9. Be3 {Kupreichik,V (2437)-Lutsko,I (2527)
BLR-ch 71st Minsk 2005 (10) 1-0 from the game}) 9... dxe5 {This is fully
playable, but even} (9... Nxe5 $5 {is sufficient for equality:} 10. Nxe5 dxe5
11. Qxd8 Rxd8 12. Be3 Be6 13. b3 Bf8 (13... Nd7 14. Ne4 f5 15. Nd6 f4 16. gxf4
$1 (16. Bc1 Nc5 $36) 16... exf4 17. Bxf4 Rf8 18. Bg3 Bxa1 19. Rxa1 Rab8 20. Ne4
Rbe8 21. Nd6 Rb8 22. e3 Nc5 23. Bh4 $1 a5 24. Rd1 $44 {Adorjan,A-Groszpeter,A/
HUN-ch Budapest/1995/}) (13... h6 14. Rfd1 Rxd1+ 15. Rxd1 Bf8 16. Na4 Nd7 17.
Nc3 Nf6 18. Na4 Nd7 19. Nc3 $11 {1/2,Konstantinopolsky,A-Bronstein,D/URS-ch
Moscow/1948/}) 14. Rad1 Rxd1 15. Rxd1 Bb4 16. Na4 Nd7 17. h4 h5 18. Bd2 {
Kochetkov,V-Moliboga,V/Kiev/2005/} Bxd2 19. Rxd2 Kf8 $11) 10. Be3 {Other moves
don't fit in too well with the release of the [+] tension.} (10. Ng5 $6 Qe7 11.
Be3 Ne8 $1 12. Qd2 f5 13. Nf3 Nd6 14. Bg5 Nf6 15. b3 Nf7 16. Be3 Nh5 17. Na4 b6
18. Rad1 Be6 19. Ng5 f4 20. Nxe6 Qxe6 21. gxf4 Rad8 22. Qc1 Rxd1 23. Rxd1 exf4
24. Bxf4 Qxe2 $40 {Barkhagen,J-Loginov,V/Budapest/1993/}) (10. e4 Qe7 $11 {-E68
}) 10... Qe7 (10... Nh5 $5 11. c5 (11. Qb3 Qe7 12. c5 Kh8 13. Qc4 f5 14. b4 e4
15. Nd4 Ne5 16. Qb3 g5 17. Bc1 Ng6 $36 {Bagrunov,V-Levin,E/St Petersburg/2002/}
) (11. Qd6 f5 12. Rad1 Qe8 13. Bc1 e4 14. Nd4 Ne5 15. b3 e3 $1 16. Bxe3 Nf7 17.
Qc5 Nxg3 18. Rfe1 Nh5 19. Qb4 f4 20. Bc1 Ng5 21. h4 Nh3+ 22. Kf1 Qe5 23. Na4 f3
$1 24. Nxf3 Qg3 25. Be3 Bg4 26. Qd6 Be5 27. Qd3 Qh2 $1 {[%cal Rh2g1,Rh5g3,
Rg4f3] /\Qg1!,Ng3#,Bf3,0-1 Ciocaltea,V-Radovici/Bucuresti/1968/}) 11... Qe7 12.
b4 f5 $132) 11. Qb3 {The most ambitious try, but objectively it's not much
better than other moves.} (11. Qd2 Nc5 12. Rfd1 Nfe4 13. Nxe4 Nxe4 14. Qa5 f5
15. Nd2 Nxd2 16. Rxd2 Qf7 17. Rad1 Be6 18. Rd8 Raxd8 19. Rxd8 Bxc4 20. Rxf8+
Bxf8 21. Qxe5 Bxa2 22. Bxa7 Qg7 $11 {Lau,U-Sturua,Z/Bad Wiessee op/1998/})
11... Re8 {Although this is the most often played move, Black has probably
better alternatives - and they have been known for a very long time already...}
(11... Ne8 $142 12. Rad1 (12. Ng5 $6 h6 13. Nf3 f5 14. Rad1 Kh8 15. Nh4 Rf6 16.
g4 Nf8 17. g5 Rf7 18. gxh6 Bf6 19. Nf3 g5 20. Na4 Rh7 21. Bc5 Qf7 22. Qc3 Ng6
23. Bd6 Nxd6 24. Rxd6 g4 25. hxg4 fxg4 26. Nd2 Nf4 $40 {Schmidt,P-Keres,P/
Parnu m/1936/}) 12... f5 13. Bg5 Nef6 (13... Ndf6 14. e4 h6 15. Be3 Nh5 (15...
f4 $5 16. gxf4 exf4 17. Bd4 $13) 16. Bc1 (16. exf5 $142 gxf5 17. Rfe1) 16... f4
17. g4 Nhf6 18. Qa4 Nd7 19. b3 {Guimard,C-De Ronde,C/Buenos Aires/1945/} a5 $5
$15) 14. e4 h6 15. Be3 f4 16. gxf4 exf4 17. Bd4 Nh7 18. e5 $6 Ng5 19. Nxg5 Qxg5
20. Ne4 Qe7 21. c5+ Kh8 {Garcia Orus,F-Darga,K/Palma de Mallorca/1965/} 22. Nd6
$15) (11... Nh5 $5 12. Rad1 f5 13. Bg5 Qf7 (13... Nhf6 {-13...Ne8 is also
playable}) 14. e4 {Cruz,W-Eliskases,E/Mar del Plata/1954/} f4 $5 $36) 12. Rfd1
(12. Nd2 $5 Nc5 13. Bxc5 (13. Qa3 Bf8 14. b4 Ne6 $132 {[%cal Ye6d4] /\Nd4})
13... Qxc5 14. Nde4 Qe7 (14... Qb6 15. Qa3 $5 $14) 15. Nxf6+ Qxf6 16. Ne4 Qe7
17. Rfd1 $11 {/+/=}) 12... Bf8 $6 (12... Nc5 $142 {is certainly a more active
and useful move, after} 13. Bxc5 (13. Qa3 Nfd7 14. b4 Ne6 15. Rab1 f5 16. Qb3
e4 17. Nd4 Nxd4 18. Bxd4 Ne5 19. Qc2 Be6 20. c5 Rad8 $15 {Eising,J-Weigelt,H/
Schkopau/1954/}) 13... Qxc5 14. Ng5 {Black has} Qb6 $1 $11) 13. Nd2 $1 $146 {
[%csl Rd6][%mdl 8] ><d6 A logical novelty, targetting d6 is White's main plan
in this line, here it gives him the |^ thanks to his lead in development.} (13.
Rac1 $6 Nc5 14. Qa3 a5 15. b3 Nfd7 16. Qb2 f5 17. Rc2 Ne6 $15 {Guimard,
C-Najdorf,M/Buenos Aires/1964/}) 13... Qe6 14. Nde4 Nxe4 15. Nxe4 Nf6 (15... f5
16. Ng5 Qf6 17. c5+ Kg7 18. Qc3 Nxc5 (18... h6 19. Nf3 $14 {/\} b6 20. cxb6
axb6 21. Nd4 $1 $16) 19. Nxh7 Kxh7 20. Bxc5 $32 {[%csl Rh7][%cal Gd1d8] +/=,
<->d,עh7}) 16. Nc5 Qe7 17. Rd2 {White doesn't achieve much on the <->d, as
all the possible points of entry are well protected.} ({Therefore the immediate
} 17. Qa4 $5 {[%cal Yb2b4] /\b4|^<< deserved attention.}) 17... h6 $6 {Black
also loses time.} (17... Qc7 18. Qa4 h5 $14 (18... Nd7 $6 19. Na6 $1 $36)) 18.
Rad1 Qc7 19. Qa4 h5 20. b4 Bf5 21. b5 e4 22. bxc6 (22. Nb3 $36 {was not bad,
but the text-move is more forcing.}) 22... bxc6 (22... Qxc6 23. Qxc6 bxc6 24.
Na6 $16) 23. Na6 Qb7 (23... Qc8 24. Bf4 $5 $16) 24. Kh2 ({White could probably
do without this move, more energetic was} 24. Bd4 $5) 24... Rac8 25. Nc5 Qb8
26. Na6 (26. Bd4 Bg7 (26... e3 27. Na6 Qb7 28. Bxe3 $16) (26... h4 27. Rb2 Qc7
(27... Qd6 28. Nb7 hxg3+ 29. fxg3 Qe7 30. c5 $16) 28. Rb7 $16) 27. Rb2 $36)
26... Qb7 27. Nc5 Qe7 $1 {Black avoids repetition and puts his Q on a more
active square.} (27... Qb8 28. Bd4 {-26.Bd4!?}) 28. Rd6 $6 {White decides to
exchange his R for Black's Q, but this is not quite clear. More logical was to
shift the attention to the <->b with} (28. Rb1 $1 $14 {[%cal Gb1b8] /+/-})
28... Qxd6 (28... Nd5 29. R6xd5 (29. Rd7 $5 Bxd7 30. cxd5 $36) 29... cxd5 30.
cxd5 $44) 29. Rxd6 Bxd6 30. Nb7 Be5 31. Qa3 {[%cal Rb7d6] /\Nd6} (31. Bf4 $5
$14) 31... Re6 32. Nc5 (32. Bf4 $142) 32... Rd6 33. Qxa7 h4 34. Qa5 (34. Bf4
Bxf4 35. gxf4 Rd2 $36) 34... Re8 $2 (34... hxg3+ $142 35. fxg3 Nh5 $36 {/\} 36.
Nxe4 Re6) 35. Bf4 $1 Bxf4 (35... hxg3+ 36. Bxg3 e3 $5 $132) 36. gxf4 Rd1 $6 (
36... Rd4 37. Qc3 $16 {/\} Red8 $2 38. e3 R4d6 39. Nb7) ({Again} 36... e3 $5 {
[%csl Rh2][%cal Gg2c6] was the best way to create some <=>. Although it
activates White's Bg2, it also creates a draught around White's K. A sample
line of what can happen is} 37. Qc7 (37. fxe3 Rxe3 38. Bf3 Rd4 $132) 37... Rd4
38. Qxc6 Rxc4 39. Qxf6 (39. Bd5 $2 Rxc5 $1 40. Qxc5 exf2 $17) 39... Rxc5 40.
fxe3 Rc2 $1 41. Bf3 Rxe3 42. Qd8+ Kh7 43. Qf6 (43. Qxh4+ Kg7 44. Qf2 Ra3 $11)
43... Rxf3 44. Qxf7+ Kh6 $11) 37. Qc3 Nh5 38. e3 $36 {><e4 Now White has more
or less safeguarded his K and the vulnerable Pe4 probably can't be held in the
long run.} Red8 39. Nb3 Ra8 40. Qb2 Ng7 41. Qc2 Rd3 (41... Rd7 $142 42. a4 $5 {
[%cal Ra4a5] /\a5|^} (42. Bxe4 Bxe4 43. Qxe4 Rxa2 44. Qxc6 Rd3 $132)) (41...
Rdd8 42. Nc5 $16 {/\} Ra3 43. Nxe4 Bxe4 (43... Rda8 44. Nf6+ Kh8 45. Qd1 $18)
44. Bxe4 Rda8 45. Bxc6 Rxa2 46. Qd3 Rxf2+ 47. Kg1 Raa2 48. Qd8+ Kh7 49. Qxh4+
$18) 42. Nc1 Rda3 43. Bxe4 $16 Be6 (43... Bxe4 $5 44. Qxe4 R3a6 $16 (44... Rc3
45. Ne2 Rca3 46. Qxc6 Rxa2 47. Nc3 $18)) 44. Bxc6 Rc8 45. Bb5 {White has
activated his B, soon the N will follow and his material advantage should
decide the game.} Nf5 46. Qb2 Ra7 (46... Raa8 47. Qb4 $1 $18) 47. Nd3 (47. Qb4
Rac7 $5) 47... Nd6 (47... Bxc4 $2 48. Bxc4 Rxc4 49. Qb8+ $18) 48. a4 Nxc4 ({
More resilient was} 48... Bxc4 $142 $5 49. Ne5 Bxb5 50. axb5 Rb7 51. b6 Nc4 52.
Nxc4 Rxc4 53. Qb5 Rc8 (53... Rc2 $2 54. Qe8+ Kg7 55. Qe4 Rxf2+ 56. Kg1 $18) 54.
f5 $18 {/+/- and White still has to work for the full point.}) 49. Qd4 Rac7 50.
e4 $1 Nd2 51. Ne5 $40 Rc2 52. f5 gxf5 53. exf5 Bxf5 54. Qxh4 {[%cal Rh4g5] /
\Qg5} (54. Qf4 $143 Ne4 55. Ng4 Bg6 {is worse, as} (55... Rxf2+ 56. Nxf2 Rc2
57. Qxf5 Rxf2+ 58. Qxf2 Nxf2 59. a5 $18) 56. Bd3 {again allows} Nxf2 $1 $16)
54... Ne4 55. Ng4 Bg6 56. Bd3 $1 Nd2 (56... Nxf2 $5 {prolongs the game, but
doesn't save it after} 57. Bxc2 Nxg4+ 58. Qxg4 Rxc2+ 59. Kg3 $18) 57. Qh6 $18
R2c6 58. Qxd2 Rd8 (58... Rd6 59. Qh6 $18) 59. Qa5 $1 (59. Qa5 Rxd3 60. Qa8+ $18
) 1-0